000 00382pab a2200157 454500
008 180718b2004 xxu||||| |||| 00| 0 eng d
100 _aDas, M.K.
245 _aProbing the poll defeat
260 _c2004
300 _ap.3091-093.
362 _a10 Jul
650 _aElections - India - Kerala
650 _aElections
773 _aEconomic and Political Weekly
909 _a61509
999 _c61509
_d61509